000 00540nam a2200181Ia 4500
008 090124s9999 xx 000 0 und d
082 _b128951
100 _aपांढरीपांडे विजय.
245 _a पत्रांजली
250 _a2
260 _c1999
300 _a180
600 _aपांढरीपांडे विजय.
630 _a पत्रांजली
700 _aपांढरीपांडे विजय.
730 _a पत्रांजली
942 _cBOOK
999 _c175040
_d175040